Narratividad y exilio (Record no. 184764)
[ view plain ]
| 000 -LEADER | |
|---|---|
| campo de control de longitud fija | 01163nam a2200265 i 4500 |
| 001 - NÚMERO DE CONTROL | |
| campo de control | 184764 |
| 003 - IDENTIFICADOR DE NÚMERO DE CONTROL | |
| campo de control | ES-MaACL |
| 005 - FECHA Y HORA DE LA ÚLTIMA TRANSACCIÓN | |
| campo de control | 20240507101530.0 |
| 008 - DATOS DE LONGITUD FIJA--INFORMACIÓN GENERAL | |
| campo de control de longitud fija | 151204s2009 sp m |||| |bspa d |
| 080 ## - NÚMERO DE LA CLASIFICACIÓN DECIMAL UNIVERSAL | |
| Número de la Clasificación Decimal Universal | 821.134.2 Andújar, Manuel(043.2) |
| 100 1# - ENTRADA PRINCIPAL--NOMBRE DE PERSONA | |
| Nombre de persona | Reinoso Pérez, Francisco Javier. |
| 9 (RLIN) | 158297 |
| 245 10 - MENCIÓN DEL TÍTULO | |
| Título | Narratividad y exilio |
| Resto del título | : (las novelas y cuentos de Manuel Andújar) / |
| Mención de responsabilidad, etc. | Francisco Javier Reinoso Pérez ; director, Enrique Baena Peña. |
| 260 ## - PUBLICACIÓN, DISTRIBUCIÓN, ETC. | |
| Lugar de publicación, distribución, etc. | Málaga : |
| Nombre del editor, distribuidor, etc. | F.J. Reinoso Pérez : |
| -- | Universidad de Málaga, |
| Fecha de publicación, distribución, etc. | 2009. |
| 300 ## - DESCRIPCIÓN FÍSICA | |
| Extensión | 543 p. ; |
| Dimensiones | 30 x 22 cm. |
| 502 ## - NOTA DE TESIS | |
| Nota de tesis | Tesis-Universidad de Málaga. Facultad de Filosofía y Letras, 2009. |
| 504 ## - NOTA DE BIBLIOGRAFÍA, ETC. | |
| Nota de bibliografía, etc. | Bibliografía: p. 526-543. |
| 600 17 - PUNTO DE ACCESO ADICIONAL DE MATERIA--NOMBRE DE PERSONA | |
| Nombre de persona | Andújar, Manuel, |
| Fechas asociadas al nombre | 1913-1994 |
| Fuente del encabezamiento o término | |
| 9 (RLIN) | 158299 |
| 700 1# - ENTRADA AGREGADA--NOMBRE PERSONAL | |
| Nombre de persona | Baena, Enrique. |
| 9 (RLIN) | 24583 |
| 710 2# - ENTRADA AGREGADA--NOMBRE DE ENTIDAD CORPORATIVA | |
| Nombre de entidad corporativa o nombre de jurisdicción como elemento de entrada | Universidad de Málaga. |
| Unidad subordinada | Facultad de Filosofía y Letras. |
| 9 (RLIN) | 158298 |
| 740 42 - ENTRADA AGREGADA--TÍTULO RELACIONADO/ANALÍTICO NO CONTROLADO | |
| Título relacionado o analítico no controlado | Las novelas y cuentos de Manuel Andújar. |
| 852 ## - LOCALIZACIÓN | |
| Ubicación | ES-MaACL |
| Número de control de estantería | A-13447 |
| itemnumber | 191777 |
| Sublocalización o colección | R.150757 |
| Ubicación en estantería | Depósito 1 |
| Signatura antigua | Olim: N-6447 |
| Donativo/Legado | Donación: Francisco Javier Reinoso |
| 903 ## - NOMBRE PERSONAL DE DONANTE | |
| 9 | 158297 |
| a | Reinoso Pérez, Francisco Javier |
| e | Donante |
| 942 ## - ELEMENTOS DE ENTRADA SECUNDARIOS (KOHA) | |
| Fuente del sistema de clasificación o colocación | Clasificación decimal universal |
| Tipo de ítem Koha | Libro impreso |
| Estatus retirado | Estado de pérdida | Fuente del sistema de clasificación o colocación | Estado de daño | No para préstamo | Biblioteca de origen | Biblioteca actual | Ubicación en estantería | Fecha de adquisición | Fuente de adquisición | Total de préstamos | Signatura topográfica completa | Código de barras | Visto por última vez | Precio de reemplazo | Tipo de ítem Koha |
|---|---|---|---|---|---|---|---|---|---|---|---|---|---|---|---|
| Clasificación decimal universal | Biblioteca del Ateneo de Madrid | Biblioteca del Ateneo de Madrid | Depósito 1 | 04/12/2015 | Donación | A-13447 | 1194548 | 23/02/2023 | 23/02/2023 | Libro impreso |
